[Event "Mittelrhein Verbandsliga-O 16/17"]
[Site "Nordrheinwestfalen"]
[Date "2017.04.30"]
[Round "11.5"]
[White "Weisshuhn, Gunnar"]
[Black "Padva, Leo"]
[Result "0-1"]
[WhiteElo "1954"]
[BlackElo "1945"]
[PlyCount "108"]
[EventDate "2016.09.11"]
[EventType "team-tourn"]
[EventRounds "11"]
[EventCountry "GER"]
[SourceTitle "EXT 2022"]
[Source "ChessBase"]
[SourceDate "2021.10.06"]
[SourceVersion "1"]
[SourceVersionDate "2021.10.06"]
[SourceQuality "1"]
[WhiteTeam "Euskirchen Turm"]
[BlackTeam "Porz SG IV"]
[WhiteTeamCountry "GER"]
[BlackTeamCountry "GER"]

1. d4 Nf6 2. Nf3 g6 3. g3 Bg7 4. Bg2 0-0 5. 0-0 d5 6. b3 b6 7. Bb2 Ba6 8. Ne5 c6 9. Nd2 Nfd7 10. Nd3 Bxd3 11. cxd3 Na6 12. Rc1 Rc8 13. Nf3 Qc7 14. Qd2 Qb8 15. Bh3 e6 16. Ng5 Qd6 17. f4 f5 18. Rfd1 Rfe8 19. Nf3 Qb4 20. Bc3 Qd6 21. b4 Qe7 22. Qb2 c5 23. dxc5 Bxc3 24. Rxc3 bxc5 25. b5 Rb8 26. Ra3 Nc7 27. Rb3 d4 28. a4 Nd5 29. Ra1 e5 30. fxe5 Nxe5 31. Bg2 Ng4 32. Qd2 Nc3 33. Re1 Nxe2+ 34. Kf1 Ne3+ 35. Kf2 Qf7 36. Ra3 Nc3 37. Rxc3 Ng4+ 38. Kg1 dxc3 39. Qxc3 Rxe1+ 40. Nxe1 Re8 41. Nf3 Qe7 42. d4 cxd4 43. Qxd4 Rd8 44. Qc4+ Kf8 45. Qc3 Rd1+ 46. Bf1 Qe3+ 47. Qxe3 Nxe3 48. Kf2 Nxf1 49. a5 Rb1 50. b6 axb6 51. axb6 Nxh2 52. Nxh2 Rb2+ 53. Ke3 Rxh2 54. b7 Rb2 0-1

[Event "Mittelrhein Verbandsliga-O 16/17"]
[Site "Nordrheinwestfalen"]
[Date "2017.01.08"]
[Round "6"]
[White "Padva, Leo"]
[Black "Radic, Tomislav"]
[Result "1-0"]
[WhiteElo "1991"]
[BlackElo "2030"]
[PlyCount "85"]
[EventDate "2016.09.11"]
[EventType "team-tourn"]
[EventRounds "11"]
[EventCountry "GER"]
[SourceTitle "EXT 2022"]
[Source "ChessBase"]
[SourceDate "2021.10.06"]
[SourceVersion "1"]
[SourceVersionDate "2021.10.06"]
[SourceQuality "1"]
[WhiteTeam "Porz SG IV"]
[BlackTeam "Bergische SF II"]
[WhiteTeamCountry "GER"]
[BlackTeamCountry "GER"]

1. e4 e5 2. Nf3 Nf6 3. Nxe5 d6 4. Nf3 Nxe4 5. d4 d5 6. Nbd2 Be7 7. Bd3 f5 8. Ne5 Nd7 9. Qh5+ g6 10. Nxg6 Ndf6 11. Qh4 Ng4 12. Nxe7 Qxe7 13. Qxe7+ Kxe7 14. Nxe4 fxe4 15. Bg5+ Nf6 16. Be2 Rg8 17. Bxf6+ Kxf6 18. g3 Bh3 19. Kd2 Rgf8 20. Rhg1 Kg5 21. Ke3 Rf7 22. g4 Raf8 23. Rg3 Kh4 24. f3 exf3 25. Bxf3 Re8+ 26. Kd3 Rf4 27. Bxd5 Bxg4 28. Bxb7 Bf5+ 29. Kc3 Rf2 30. Rc1 Ree2 31. Rg7 Rxh2 32. b3 Rxc2+ 33. Rxc2 Rxc2+ 34. Kb4 h5 35. d5 Bg4 36. Bc6 Bf3 37. Rf7 Kg3 38. Rxc7 Rxa2 39. Rg7+ Kf4 40. Rf7+ Kg3 41. Kc4 h4 42. Rxf3+ Kxf3 43. d6+ 1-0

[Event "GER-chT U20"]
[Site "Borken"]
[Date "2016.12.30"]
[Round "7.3"]
[White "Padva, Leo"]
[Black "Groebel, Aaron"]
[Result "0-1"]
[WhiteElo "1956"]
[BlackElo "1971"]
[PlyCount "116"]
[EventDate "2016.12.27"]
[EventType "team-swiss"]
[EventRounds "7"]
[EventCountry "GER"]
[SourceTitle "EXT 2018"]
[Source "ChessBase"]
[SourceDate "2017.10.13"]
[SourceVersion "1"]
[SourceVersionDate "2017.10.13"]
[SourceQuality "1"]
[WhiteTeam "Porz SG"]
[BlackTeam "Halle USV"]
[WhiteTeamCountry "GER"]
[BlackTeamCountry "GER"]

1. e4 e5 2. Nf3 Nc6 3. Bb5 Nge7 4. 0-0 g6 5. d4 exd4 6. Nxd4 Bg7 7. c3 0-0 8. Bg5 h6 9. Bh4 Nxd4 10. cxd4 g5 11. Bg3 c6 12. Bc4 d5 13. exd5 cxd5 14. Bb3 Nc6 15. Nc3 Be6 16. Ne2 Re8 17. Qd2 Rc8 18. Rac1 Qb6 19. Ba4 Bg4 20. Nc3 Qxd4 21. Qxd4 Bxd4 22. Nxd5 Be6 23. Nc7 Rf8 24. Nxe6 fxe6 25. Bb3 Rce8 26. Rc2 Kg7 27. Re1 Rf6 28. Ba4 e5 29. Rd2 Ref8 30. Bxc6 Rxc6 31. Kf1 Kf6 32. h4 Kf5 33. Rd3 Rfc8 34. Rb3 b6 35. Rf3+ Ke6 36. Rd3 Rc1 37. b3 Kd5 38. f3 R8c2 39. Rxc1 Rxc1+ 40. Be1 e4 41. fxe4+ Kxe4 42. Rg3 Be5 43. Rg4+ Kf5 44. Rc4 Rxc4 45. bxc4 gxh4 46. Bf2 Bd6 47. Bxh4 Ke4 48. Ke2 Kd4 49. g4 Kxc4 50. Bf6 b5 51. Kf3 Ba3 52. Ke4 a5 53. g5 hxg5 54. Bxg5 Bb2 55. Bd2 a4 56. Ke3 b4 57. Ke2 b3 58. axb3+ Kxb3 0-1

[Event "GER-chT U20"]
[Site "Borken"]
[Date "2016.12.27"]
[Round "1.3"]
[White "Padva, Leo"]
[Black "Pilat, Fabian"]
[Result "1-0"]
[WhiteElo "1956"]
[BlackElo "1963"]
[PlyCount "205"]
[EventDate "2016.12.27"]
[EventType "team-swiss"]
[EventRounds "7"]
[EventCountry "GER"]
[SourceTitle "EXT 2018"]
[Source "ChessBase"]
[SourceDate "2017.10.13"]
[SourceVersion "1"]
[SourceVersionDate "2017.10.13"]
[SourceQuality "1"]
[WhiteTeam "Porz SG"]
[BlackTeam "Bochum"]
[WhiteTeamCountry "GER"]
[BlackTeamCountry "GER"]

1. e4 c5 2. Nf3 e6 3. d4 cxd4 4. Nxd4 a6 5. Nc3 Qc7 6. a3 d6 7. Be3 Nd7 8. Be2 b5 9. 0-0 Bb7 10. f4 Ngf6 11. Bf3 Be7 12. Qe1 0-0 13. Qg3 Kh8 14. e5 Ne8 15. Bxb7 Qxb7 16. Rae1 Rc8 17. Kh1 dxe5 18. fxe5 Bxa3 19. bxa3 Rxc3 20. Rf3 Qd5 21. Bd2 Rxf3 22. Nxf3 Nc7 23. Bb4 Rc8 24. Ng5 Kg8 25. Qf4 f6 26. exf6 Nxf6 27. Be7 Nce8 28. Nxe6 Rxc2 29. Qg3 Rc6 30. Nf4 Qf7 31. Bb4 Nd6 32. Qf3 Nde4 33. h3 Rc8 34. Rxe4 Nxe4 35. Qxe4 h6 36. Nd5 Rc1+ 37. Kh2 Rc4 38. Ne7+ Kh8 39. Ng6+ Kg8 40. Qa8+ Kh7 41. Nf8+ Kg8 42. Ng6+ Kh7 43. Nf8+ Kg8 44. Ne6+ Kh7 45. Qd5 Qa7 46. Bc5 Qb8+ 47. Bd6 Qa7 48. Be5 Rc1 49. Qd3+ Kg8 50. Qd8+ Kf7 51. Nd4 Rc5 52. Bd6 Rd5 53. Nc6 Rxd6 54. Qxd6 Qe3 55. Ne5+ Kg8 56. Qe6+ Kh7 57. Qf5+ Kg8 58. Nd3 Qd4 59. Qe6+ Kh7 60. Qf5+ Kg8 61. Nf4 Qb2 62. Qc5 Qf6 63. Nd3 Qf1 64. Qe3 Qf6 65. Qe5 Qf8 66. Qe6+ Qf7 67. Qxf7+ Kxf7 68. Kg3 a5 69. Kf4 Kf6 70. Ke4 h5 71. Kd5 b4 72. axb4 axb4 73. Nxb4 Kf5 74. Nd3 h4 75. Kd4 g5 76. Ke3 g4 77. Nf2 gxh3 78. Nxh3 Kg4 79. Kf2 Kh5 80. Kf3 Kh6 81. Kg4 Kg6 82. Kxh4 Kh6 83. Kg4 Kg6 84. Nf4+ Kf6 85. Kh5 Kg7 86. Kg5 Kf7 87. Kh6 Kg8 88. g4 Kh8 89. g5 Kg8 90. Ng6 Kf7 91. Kh7 Ke6 92. Nh8 Kf5 93. g6 Ke5 94. g7 Kf5 95. g8Q Ke5 96. Kg6 Kf4 97. Qe6 Kf3 98. Kg5 Kg3 99. Qe3+ Kg2 100. Kg4 Kh1 101. Qd2 Kg1 102. Kg3 Kh1 103. Qd1# 1-0

[Event "Mittelrhein Verbandsliga-O 16/17"]
[Site "Nordrheinwestfalen"]
[Date "2016.09.11"]
[Round "1"]
[White "Muhr, Juergen"]
[Black "Padva, Leo"]
[Result "0-1"]
[WhiteElo "1808"]
[BlackElo "1956"]
[PlyCount "52"]
[EventDate "2016.09.11"]
[EventType "team-tourn"]
[EventRounds "11"]
[EventCountry "GER"]
[SourceTitle "EXT 2022"]
[Source "ChessBase"]
[SourceDate "2021.10.06"]
[SourceVersion "1"]
[SourceVersionDate "2021.10.06"]
[SourceQuality "1"]
[WhiteTeam "St Augustin Turm"]
[BlackTeam "Porz SG IV"]
[WhiteTeamCountry "GER"]
[BlackTeamCountry "GER"]

1. e4 c5 2. Nf3 d6 3. d4 cxd4 4. Nxd4 Nf6 5. Nc3 a6 6. a3 Nbd7 7. Be2 e6 8. 0-0 Be7 9. Be3 0-0 10. h3 Qc7 11. Bf3 Ne5 12. Be2 b5 13. f4 Nc4 14. Bxc4 bxc4 15. Nf3 Rd8 16. Qe2 Bb7 17. Nd2 d5 18. exd5 exd5 19. Bd4 Ne4 20. Ncxe4 dxe4 21. c3 Bc5 22. Bxc5 Qxc5+ 23. Kh1 Rd3 24. Rae1 f5 25. Rd1 Rad8 26. Kh2 Qd5 0-1

[Event "GER-chT U20"]
[Site "Osnabrueck"]
[Date "2015.12.29"]
[Round "6.6"]
[White "Padva, Leo"]
[Black "Altgelt, Max"]
[Result "1-0"]
[WhiteElo "1766"]
[BlackElo "1727"]
[PlyCount "91"]
[EventDate "2015.12.27"]
[EventType "team-swiss"]
[EventRounds "7"]
[EventCountry "GER"]
[SourceTitle "EXT 2017"]
[Source "ChessBase"]
[SourceDate "2016.10.25"]
[SourceVersion "1"]
[SourceVersionDate "2016.10.25"]
[SourceQuality "1"]
[WhiteTeam "Porz SG"]
[BlackTeam "Muenster"]
[WhiteTeamCountry "GER"]
[BlackTeamCountry "GER"]

1. e4 c5 2. Nc3 d6 3. f4 g6 4. Nf3 Bg7 5. Bc4 e6 6. 0-0 Ne7 7. Bb3 0-0 8. d3 d5 9. Qe1 Nbc6 10. Ne2 Qb6 11. Be3 a5 12. a4 Nd4 13. Nexd4 cxd4 14. Bf2 dxe4 15. dxe4 Nc6 16. e5 Rd8 17. Rd1 Bf8 18. Qe4 Bc5 19. Rd3 Nb4 20. Rd2 d3 21. cxd3 Nd5 22. Bxc5 Qxc5+ 23. d4 Qb4 24. Rd3 Bd7 25. f5 Bc6 26. fxg6 fxg6 27. Qg4 Qe7 28. Ng5 Bd7 29. Rf7 Qxf7 30. Nxf7 Kxf7 31. Qf3+ Kg7 32. Bxd5 exd5 33. Qf6+ Kg8 34. e6 Rf8 35. Qe7 Bxa4 36. Rh3 h5 37. Qg5 Bc2 38. e7 Rf7 39. Qxd5 Re8 40. Re3 Kg7 41. Qd7 Ba4 42. Qxa4 Rexe7 43. Rxe7 Rxe7 44. Qxa5 Kf6 45. h4 Kf7 46. d5 1-0

[Event "Goch op 26th"]
[Site "Goch"]
[Date "2015.09.05"]
[Round "4"]
[White "Padva, Leo"]
[Black "Turp, Hueseyin"]
[Result "1-0"]
[WhiteElo "1856"]
[BlackElo "1665"]
[PlyCount "69"]
[EventDate "2015.09.03"]
[EventType "swiss"]
[EventRounds "7"]
[EventCountry "GER"]
[SourceTitle "EXT 2018"]
[Source "ChessBase"]
[SourceDate "2017.10.13"]
[SourceVersion "1"]
[SourceVersionDate "2017.10.13"]
[SourceQuality "1"]

1. d4 d5 2. c4 c6 3. e3 Nf6 4. Bd3 Bg4 5. Ne2 e6 6. 0-0 Bd6 7. Qc2 Nbd7 8. Nbc3 e5 9. f3 Be6 10. cxd5 cxd5 11. Nb5 Bb8 12. dxe5 Nxe5 13. f4 Nxd3 14. Qxd3 a6 15. Nbd4 Ne4 16. b3 0-0 17. Bb2 g6 18. Rac1 Qe7 19. Nf3 Ba7 20. Ned4 Rfe8 21. Rc2 Rac8 22. Rfc1 Bd7 23. Rc7 Nc5 24. Qc3 Qxe3+ 25. Qxe3 Rxe3 26. Rxd7 Rce8 27. Rxd5 Nd3 28. Rb1 Nxf4 29. Rd7 Re2 30. Kf1 Rxg2 31. Rxb7 Bb8 32. Bc1 Rxa2 33. Rxb8 Rxb8 34. Bxf4 Kg7 35. Bxb8 1-0

[Event "GER-ch Net final U18"]
[Site "Playchess.com INT"]
[Date "2011.05.18"]
[Round "5"]
[White "Frischmann, Rick"]
[Black "Padva, Leo"]
[Result "0-1"]
[WhiteElo "2002"]
[BlackElo "1640"]
[PlyCount "88"]
[EventDate "2011.05.18"]
[EventType "swiss (blitz)"]
[EventRounds "9"]
[EventCountry "GER"]
[SourceTitle "CBM 142 Extra"]
[Source "ChessBase"]
[SourceDate "2011.06.27"]
[SourceVersion "1"]
[SourceVersionDate "2011.06.27"]
[SourceQuality "1"]

1. e4 c6 2. Nf3 d5 3. exd5 cxd5 4. Ne5 a6 5. d4 Bf5 6. Bd3 Bxd3 7. Qxd3 e6 8. 0-0 Nc6 9. c3 Bd6 10. f4 Nf6 11. Nd2 0-0 12. Rf3 Qb6 13. Kh1 Rfc8 14. Rh3 Ne7 15. g4 h6 16. g5 hxg5 17. fxg5 Bxe5 18. dxe5 Ne4 19. Nxe4 dxe4 20. Qxe4 Qb5 21. Be3 Qxb2 22. Rf1 Ng6 23. Bd4 Rc7 24. Qf3 Qxa2 25. Qh5 Qc2 26. Qh7+ Kf8 27. Rhf3 Qe4 28. Kg1 Qg4+ 29. Rg3 Qe4 30. Qh3 Qe2 31. Rgf3 Ke8 32. Rxf7 Rxf7 33. Qxe6+ Re7 34. Qxg6+ Kd7 35. Qd6+ Ke8 36. Qg6+ Kd7 37. Qf5+ Kc7 38. e6 Qxe6 39. Qc5+ Kd7 40. Bf2 Rf8 41. Rd1+ Ke8 42. Re1 Qg4+ 43. Kh1 Rxe1+ 44. Bxe1 Rf1+ 0-1

[Event "GER-ch Net qual1 U18"]
[Site "Playchess.com INT"]
[Date "2011.05.01"]
[Round "7"]
[White "Frischmann, Rick"]
[Black "Padva, Leo"]
[Result "1/2-1/2"]
[WhiteElo "1936"]
[BlackElo "1369"]
[PlyCount "148"]
[EventDate "2011.05.01"]
[EventType "swiss (blitz)"]
[EventRounds "7"]
[EventCountry "GER"]
[SourceTitle "CBM 142 Extra"]
[Source "ChessBase"]
[SourceDate "2011.06.27"]
[SourceVersion "1"]
[SourceVersionDate "2011.06.27"]
[SourceQuality "1"]

1. e4 e5 2. f4 exf4 3. Bc4 Nf6 4. Nc3 c6 5. d4 Nxe4 6. Qe2 d5 7. Nxe4 Be6 8. Bb3 dxe4 9. Bxe6 fxe6 10. Qxe4 Qd5 11. Qxd5 exd5 12. Bxf4 Bb4+ 13. c3 Be7 14. 0-0-0 0-0 15. Bg3 Nd7 16. Nf3 Nf6 17. Bh4 Bd6 18. Rde1 Ne4 19. Kc2 Rf5 20. Nd2 Nxd2 21. Kxd2 Raf8 22. b3 Rh5 23. Be7 Bxe7 24. Rxe7 Rf2+ 25. Re2 Rhf5 26. Ke3 Rxe2+ 27. Kxe2 Kf7 28. a4 Kf6 29. b4 h5 30. b5 cxb5 31. axb5 Rg5 32. Kf3 Rf5+ 33. Ke3 h4 34. Ra1 Rg5 35. Kf2 Rf5+ 36. Kg1 a6 37. bxa6 bxa6 38. Rxa6+ Kg5 39. Re6 Kf4 40. Kf2 g5 41. Re3 Kg4+ 42. Rf3 Rf4 43. h3+ Kf5 44. Ke3 Rxf3+ 45. Kxf3 Ke6 46. Kg4 Kf6 47. g3 hxg3 48. Kxg3 Kg7 49. Kg4 Kg6 50. h4 gxh4 51. Kxh4 Kf5 52. Kg3 Ke4 53. Kg4 Kd3 54. Kf3 Kxc3 55. Ke2 Kc4 56. Ke3 Kc3 57. Ke2 Kxd4 58. Kd2 Kc4 59. Kc2 d4 60. Kd2 d3 61. Kd1 Kc3 62. Kc1 Kd4 63. Kd2 Ke4 64. Kd1 Kd5 65. Kd2 Kd4 66. Kd1 Ke3 67. Ke1 Kd4 68. Kd2 Kc4 69. Kd1 Kc3 70. Kc1 Kc4 71. Kd2 Kd4 72. Kd1 Ke3 73. Ke1 Ke4 74. Kd2 Kd4 1/2-1/2

[Event "GER-ch Net qual1 U18"]
[Site "Playchess.com INT"]
[Date "2011.05.01"]
[Round "4"]
[White "Henrotte, Nils"]
[Black "Padva, Leo"]
[Result "1-0"]
[WhiteElo "1963"]
[BlackElo "1369"]
[PlyCount "113"]
[EventDate "2011.05.01"]
[EventType "swiss (blitz)"]
[EventRounds "7"]
[EventCountry "GER"]
[SourceTitle "CBM 142 Extra"]
[Source "ChessBase"]
[SourceDate "2011.06.27"]
[SourceVersion "1"]
[SourceVersionDate "2011.06.27"]
[SourceQuality "1"]

1. e4 e5 2. Bc4 Nf6 3. Nc3 Nc6 4. d3 Bc5 5. f4 d6 6. f5 Na5 7. Bb3 Bd7 8. Bg5 Nxb3 9. axb3 h6 10. Bh4 Bc6 11. Nf3 0-0 12. Bf2 Bxf2+ 13. Kxf2 Qd7 14. Re1 a6 15. Kg1 Rfd8 16. Qd2 Ng4 17. h3 Nf6 18. Nd1 Nh5 19. c4 Nf4 20. d4 Qe7 21. d5 Bd7 22. Nf2 c6 23. dxc6 Bxc6 24. Nd3 Nh5 25. Qe3 Rac8 26. Ra5 Qc7 27. Rea1 Qd7 28. Nb4 Nf4 29. Kh2 Re8 30. g3 Nh5 31. Qd3 Nf6 32. Nd2 Red8 33. Qe3 Rc7 34. Re1 Rdc8 35. g4 Ra8 36. Rg1 Kf8 37. g5 hxg5 38. Qxg5 Ne8 39. Qh5 Kg8 40. Rg3 Rd8 41. Qg5 Rdc8 42. f6 g6 43. Ra1 Qe6 44. Rf3 Ra8 45. Rh1 Rcc8 46. Rg1 a5 47. Nd5 Bxd5 48. exd5 Qd7 49. Qh6 b5 50. Rg4 Nxf6 51. Rh4 Nh5 52. Rxh5 gxh5 53. Ne4 Qxh3+ 54. Rxh3 f5 55. Rg3+ Kf7 56. Qh7+ Ke8 57. Rg8# 1-0

[Event "GER-ch Net qual1 U18"]
[Site "Playchess.com INT"]
[Date "2011.05.01"]
[Round "6"]
[White "Padva, Leo"]
[Black "Schaller, Tobias"]
[Result "1-0"]
[WhiteElo "1369"]
[BlackElo "1961"]
[PlyCount "123"]
[EventDate "2011.05.01"]
[EventType "swiss (blitz)"]
[EventRounds "7"]
[EventCountry "GER"]
[SourceTitle "CBM 142 Extra"]
[Source "ChessBase"]
[SourceDate "2011.06.27"]
[SourceVersion "1"]
[SourceVersionDate "2011.06.27"]
[SourceQuality "1"]

1. c4 e6 2. Nc3 Nf6 3. Nf3 b6 4. g3 Bb7 5. Bg2 Bb4 6. d3 0-0 7. Bf4 d5 8. Nd2 Bc6 9. 0-0 d4 10. Bxc6 Nxc6 11. Nb5 e5 12. Bg5 Rc8 13. Bxf6 Qxf6 14. Ne4 Qe7 15. a3 Bd6 16. Qa4 a5 17. Nbxd6 cxd6 18. Qb5 Qc7 19. Qd5 Rfd8 20. Rfc1 Ne7 21. Qb5 Qc6 22. b3 f5 23. Qxc6 Rxc6 24. Ng5 h6 25. Nh3 Rdc8 26. Kg2 d5 27. Ng1 b5 28. Nf3 Ng6 29. Nd2 dxc4 30. dxc4 bxc4 31. bxc4 a4 32. Rab1 Ra8 33. Nf3 Raa6 34. Rb5 Rab6 35. Nxe5 Rxb5 36. Nxc6 Rc5 37. Nxd4 Ne7 38. h4 Nc8 39. Nb5 Nb6 40. Nd6 g6 41. h5 Kg7 42. hxg6 Kxg6 43. Kf3 Nd7 44. Kf4 Nf6 45. Rc2 Nh5+ 46. Ke3 Nf6 47. Kd4 Rc6 48. c5 Kg7 49. Nxf5+ Kf7 50. e4 Ke6 51. Nxh6 Ne8 52. Nf5 Nc7 53. Ke3 Nb5 54. Nd4+ Nxd4 55. Kxd4 Rc8 56. Rb2 Rf8 57. f4 Kd7 58. Kd5 Rg8 59. Rb7+ Kc8 60. Ra7 Kb8 61. Rxa4 Rxg3 62. c6 1-0

[Event "GER-chT U12"]
[Site "Verden an der Aller"]
[Date "2007.12.27"]
[Round "2.2"]
[White "Holle, Eric"]
[Black "Padva, Leo"]
[Result "1/2-1/2"]
[WhiteElo "1340"]
[BlackElo "1395"]
[PlyCount "32"]
[EventDate "2007.12.27"]
[EventType "team-swiss"]
[EventRounds "7"]
[EventCountry "GER"]
[SourceTitle "EXT 2009"]
[Source "ChessBase"]
[SourceDate "2008.11.26"]
[SourceVersion "1"]
[SourceVersionDate "2008.11.26"]
[SourceQuality "1"]
[WhiteTeam "Heusweiler SC Reti U12"]
[BlackTeam "Porz SG U12"]
[WhiteTeamCountry "GER"]
[BlackTeamCountry "GER"]

1. e4 c6 2. Nf3 d5 3. exd5 cxd5 4. Ne5 Nc6 5. d4 Nf6 6. Bf4 Qb6 7. b3 Nxe5 8. Bxe5 Bf5 9. Bd3 Bxd3 10. Qxd3 g6 11. Bxf6 Qxf6 12. Qb5+ Qc6 13. Nc3 e6 14. 0-0 Bd6 15. Rfe1 0-0 16. Re3 Rac8 1/2-1/2